GIOCATORI CON PIù DI 87 DI OVERALL SU FIFA 25 - Statistics

Statistiche generali
  • Questo quiz è stato fatto 133 volte
  • Il punteggio medio è 34 su 45
Statistiche sulle risposte
OVERALL GIOCATORE SQUADRA % Corretto
91 MBAPPE REAL
99%
91 HAALAND MAN CITY
97%
90 VINICIUS REAL
96%
89 MARTINEZ INTER
95%
91 RODRI MAN CITY
95%
88 MESSI INTER MIAMI
94%
90 KANE BAYERN
91%
89 SALAH LIVERPOOL
90%
90 BELLINGHAM REAL
88%
87 BARELLA INTER
85%
87 NEYMAR SANTOS
85%
87 BASTONI INTER
83%
89 COURTOIS REAL
83%
89 DONNARUMMA PSG
81%
87 DYBALA ROMA
80%
88 GRIEZMANN ATLETICO
79%
88 LEWANDOWSKI BARCELLONA
79%
87 OSIMHEN GALATASARAY
79%
88 EDERSON MAN CITY
78%
87 SAKA ARSENAL
76%
88 DIAS MAN CITY
75%
87 SOMMER INTER
73%
89 VAN DIJK LIVERPOOL
73%
88 WIRTZ LEVERKUSEN
73%
90 DE BRUYNE MAN CITY
72%
87 HERNANDEZ MILAN
72%
87 MAIGNAN MILAN
72%
89 ODEGAARD ARSENAL
72%
87 SON TOTTENHAM
72%
89 ALISSON LIVERPOOL
70%
88 FODEN MAN CITY
70%
88 RUDIGER REAL
68%
87 MARTINEZ ASTON VILLA
67%
88 SILVA MAN CITY
66%
88 OBLAK ATLETICO
64%
89 TER STEGEN BARCELLONA
64%
87 FERNANDES MAN UTD
62%
87 RICE ARSENAL
62%
87 MUSIALA BAYERN
61%
87 MARQUINHOS PSG
60%
88 VALVERDE REAL
59%
87 DE JONG BARCELLONA
57%
87 SALIBA ARSENAL
54%
87 GUNDOGAN MAN CITY
45%
88 KOBEL BORUSSIA
40%
Nessun quiz corrispondente trovato
Distribuzione punteggi
Percentuale di utenti per punteggio
Percentile per numero di risposta
I tuoi punteggi nel tempo
Non hai fatto questo quiz